Представление документа в формате RUSMARC

ПолеНазваниеЗначение
  Тип записи a
  Библиографический уровень a
001 Контрольный номер RU/CBS_UL/BASE/4589f135f421468fbe86e790edba188d
005 Дата корректировки 20260307160312.7
100 Данные общей обработки __
a Данные общей обработки 20260307 ||| 0rusy0189 ca
101 Язык документа 0_
a Язык текста rus
102 Страна публикации __
a Страна публикации RU
200 Заглавие и сведения об ответственности 1_
a Заглавие Фермерский чеснок
e Сведения, относящиеся к заглавию [о сортах чеснока]
f Первые сведения об ответственности С.В. Заря
300 Общие примечания __
a Общие примечания 12+
461 Уровень набора _0
1 2000
a Моя прекрасная дача
463 Уровень физической единицы _0
1 2000
a № 4
v С. 26-27 : фот.
1 2101
d 2026
1 001RU/CBS_UL/BASE/b8e07c3c5f0243df91d574451a76b7a6
606 Тематические рубрики 0_
a Основная рубрика Чеснок - Сорта
610 Ключевые слова 0_
a Ключевые слова чеснок, выращивание чеснока, сорта чеснока, фермерский чеснок, луковые овощные
686 Индексы других классификаций __
2 Код системы rubbk
a Классификационный индекс 42.345
700 Автор _1
a Фамилия Заря
b Имя (инициалы) С.В.
801 Источник записи _0
a Страна RU
b Организация МБУК ЦБС г. Ульяновска
c Дата составления 20260307
g Правила каталогизации RCR
801 Источник записи _1
a Страна RU
b Организация МБУК ЦБС г. Ульяновска
c Дата составления 20260307
g Правила каталогизации RCR
901 Тип документа __
t Тип документа b
w Контрольный № источника RU/CBS_UL/BASE/b8e07c3c5f0243df91d574451a76b7a6
909 Создатель записи __
a Создатель записи lib1